logo

Bir Sreshtho Munshi Abdur Rouf Library
Jhenaidah Cadet College

Hurricane Harland takes the plunge / (Record no. 6513)

MARC details
000 -LEADER
fixed length control field 00685nam a22002532i 4500
001 - CONTROL NUMBER
JCCL Control Number 6513
003 - CONTROL NUMBER IDENTIFIER
JCCL marc code BD-JhCC
005 - DATE AND TIME OF LATEST TRANSACTION
control field 20180130162929.0
008 - FIXED-LENGTH DATA ELEMENTS--GENERAL INFORMATION
fixed length control field 500101s1955 xxk j 000 0 eng d
035 ## - SYSTEM CONTROL NUMBER
system control number (BD-JhCC)6513
040 ## - CATALOGING SOURCE
Original cataloging agency UKM
Transcribing agency UKM
Modifying agency EQO
-- BD-JhCC
041 ## - LANGUAGE CODE
Language code of Book eng
082 ## - DEWEY DECIMAL CLASSIFICATION NUMBER
Classification number 823.91
Author mark and Year ALL 1955
082 ## - DEWEY DECIMAL CLASSIFICATION NUMBER
Classification number J
DDC Edition number 18
100 1# - MAIN ENTRY--PERSONAL NAME
Personal name Allum, Tom.
245 10 - TITLE STATEMENT
Title Hurricane Harland takes the plunge /
Statement of responsibility, etc Tom Allum; illustrated by Victor Bertoglio
260 ## - PUBLICATION, DISTRIBUTION, ETC. (IMPRINT)
Place of publication, distribution, etc Blackie :
Date of publication, distribution, etc 1955.
Name of publisher, distributor, etc Blackie & Son Limited,
300 ## - PHYSICAL DESCRIPTION
Pagination 206 p. :
Other physical details ill. ;
Dimensions 20 cm.
650 ## - SUBJECT ADDED ENTRY--TOPICAL TERM
Topical term or geographic name as entry element English Fiction
700 ## - ADDED ENTRY--PERSONAL NAME
Personal name Bertoglio, Victor
830 #0 - SERIES ADDED ENTRY--UNIFORM TITLE
Uniform title Sceptre library
942 ## - ADDED ENTRY ELEMENTS (KOHA)
Source of classification or shelving scheme Dewey Decimal Classification
Koha item type Books
Holdings
Source of classification or shelving scheme Damaged status Not for loan Home library Current library Shelving location Date of accession Total Checkouts Full call number Barcode Date last seen Copy number Koha item type
Dewey Decimal Classification     JCC Rouf Library JCC Rouf Library General Stacks 01/24/2018   823.91 ALL 1955 8981 01/24/2018 C-1 Books

JCC Library | Contacts | JCC Home

Last Update on 23 September 2017
Copyright @ 2017-2020 JCC Rouf Library
Rouf Library, Jhenidah Cadet College (JCC), Bangladesh